<?xml version='1.0' encoding='UTF-8'?><?xml-stylesheet href='static/style.xsl' type='text/xsl'?><OAI-PMH xmlns="http://www.openarchives.org/OAI/2.0/" xmlns:xsi="http://www.w3.org/2001/XMLSchema-instance" xsi:schemaLocation="http://www.openarchives.org/OAI/2.0/ http://www.openarchives.org/OAI/2.0/OAI-PMH.xsd"><responseDate>2026-04-15T22:30:57Z</responseDate><request verb="GetRecord" identifier="oai:ebiltegia.mondragon.edu:20.500.11984/5863" metadataPrefix="marc">https://ebiltegia.mondragon.edu/oai/request</request><GetRecord><record><header><identifier>oai:ebiltegia.mondragon.edu:20.500.11984/5863</identifier><datestamp>2024-03-04T15:18:37Z</datestamp><setSpec>com_20.500.11984_473</setSpec><setSpec>col_20.500.11984_478</setSpec></header><metadata><record xmlns="http://www.loc.gov/MARC21/slim" xmlns:dcterms="http://purl.org/dc/terms/" xmlns:xsi="http://www.w3.org/2001/XMLSchema-instance" xmlns:doc="http://www.lyncode.com/xoai" xsi:schemaLocation="http://www.loc.gov/MARC21/slim http://www.loc.gov/standards/marcxml/schema/MARC21slim.xsd">
   <leader>00925njm 22002777a 4500</leader>
   <datafield ind2=" " ind1=" " tag="042">
      <subfield code="a">dc</subfield>
   </datafield>
   <datafield ind2=" " ind1=" " tag="720">
      <subfield code="a">Soto-Gordoa, Myriam</subfield>
      <subfield code="e">author</subfield>
   </datafield>
   <datafield ind2=" " ind1=" " tag="260">
      <subfield code="c">2022</subfield>
   </datafield>
   <datafield ind2=" " ind1=" " tag="520">
      <subfield code="a">Introduction&#xd;
The effectiveness, safety, and cost-effectiveness of the use of Souvenaid for Alzheimer’s disease (AD) have been previously evidenced. To complete the economic analysis, there is a need to assess whether society can afford it. The objective of this study was to carry out a budget impact analysis of the use of Souvenaid in Spain under the conditions of the LipiDidiet clinical trial from a societal perspective.&#xd;
&#xd;
Methods&#xd;
We built a population model that took into account all the cohorts of individuals with AD, their individual progression, and the potential impact of Souvenaid treatment on their trajectories. Patient progression data were obtained from mixed models. The target population was estimated based on the population forecast for 2020–2035 and the incidence of dementia. Individual progression to dementia measured by the Clinical Dementia Rating-Sum of Boxes was reproduced using mixed models. Besides the costs of treatment and diagnosis, direct costs of medical and non-medical care and indirect costs were included.&#xd;
&#xd;
Results&#xd;
The epidemiological indicators and the distribution of life expectancy by stages validated the model. From the third year (2022), the differences in the cost of dementia offset the incremental cost of diagnosis and treatment. The costs of dependency reached €500 million/year while those of the intervention were limited to €40 million.&#xd;
&#xd;
Conclusions&#xd;
Souvenaid, with modest effectiveness in delaying dementia associated with AD, achieved a positive economic balance between costs and savings. Its use in the treatment of prodromal AD would imply an initial cost that would be ongoing, but this would be offset by savings in the care system for dependency associated with dementia from the third year. These results were based on adopting a societal perspective taking into account the effect of treatment on the use of health, social, and family resources.</subfield>
   </datafield>
   <datafield ind1="8" ind2=" " tag="024">
      <subfield code="a">1758-9193</subfield>
   </datafield>
   <datafield ind1="8" ind2=" " tag="024">
      <subfield code="a">https://katalogoa.mondragon.edu/janium-bin/janium_login_opac.pl?find&amp;ficha_no=170292</subfield>
   </datafield>
   <datafield ind1="8" ind2=" " tag="024">
      <subfield code="a">https://hdl.handle.net/20.500.11984/5863</subfield>
   </datafield>
   <datafield tag="653" ind2=" " ind1=" ">
      <subfield code="a">Alzheimer’s disease</subfield>
   </datafield>
   <datafield tag="653" ind2=" " ind1=" ">
      <subfield code="a">Souvenaid</subfield>
   </datafield>
   <datafield tag="653" ind2=" " ind1=" ">
      <subfield code="a">Budget impact analysis</subfield>
   </datafield>
   <datafield tag="653" ind2=" " ind1=" ">
      <subfield code="a">dementia</subfield>
   </datafield>
   <datafield tag="653" ind2=" " ind1=" ">
      <subfield code="a">Clinical dementia rating</subfield>
   </datafield>
   <datafield ind2="0" ind1="0" tag="245">
      <subfield code="a">Budget impact analysis of the use of Souvenaid in patients with prodromal Alzheimer’s Disease in Spain</subfield>
   </datafield>
</record></metadata></record></GetRecord></OAI-PMH>